[Event "GER Cup Net V1 U2000"]
[Site "Playchess.com INT"]
[Date "2020.05.19"]
[Round "3"]
[White "Fabregas, Oliver"]
[Black "Hesse, Achim"]
[Result "1-0"]
[WhiteElo "1913"]
[BlackElo "1573"]
[PlyCount "45"]
[EventDate "2020.05.19"]
[EventType "swiss (blitz)"]
[EventRounds "9"]
[EventCountry "GER"]
[SourceTitle "EXT 2021"]
[Source "ChessBase"]
[SourceDate "2020.10.23"]
[SourceVersion "1"]
[SourceVersionDate "2020.10.23"]
[SourceQuality "1"]

1. Nf3 f5 2. d3 e6 3. e4 fxe4 4. dxe4 d6 5. Nc3 Nf6 6. e5 Ng4 7. exd6 Bxd6 8. h3 Nf6 9. Bg5 0-0 10. Bd3 h6 11. Be3 Nc6 12. a3 e5 13. Bc4+ Kh8 14. Nh4 Qe8 15. Qd2 Qh5 16. g3 Bd7 17. Be2 Qf7 18. 0-0-0 Rad8 19. Bd3 e4 20. Nxe4 Ne5 21. Nxd6 Nxd3+ 22. Qxd3 cxd6 23. Ng6+ 1-0

[Event "GER Cup Net V1 U2000"]
[Site "Playchess.com INT"]
[Date "2020.05.19"]
[Round "5"]
[White "Lerch, Martin Erik"]
[Black "Hesse, Achim"]
[Result "1-0"]
[WhiteElo "1859"]
[BlackElo "1573"]
[PlyCount "63"]
[EventDate "2020.05.19"]
[EventType "swiss (blitz)"]
[EventRounds "9"]
[EventCountry "GER"]
[SourceTitle "EXT 2021"]
[Source "ChessBase"]
[SourceDate "2020.10.23"]
[SourceVersion "1"]
[SourceVersionDate "2020.10.23"]
[SourceQuality "1"]

1. e4 c5 2. Nc3 d6 3. f4 e6 4. Nf3 Nc6 5. Bc4 Bd7 6. 0-0 Nf6 7. Qe1 Be7 8. Bb3 0-0 9. d3 Na5 10. h3 Nxb3 11. axb3 a6 12. g4 h6 13. g5 hxg5 14. fxg5 Nh5 15. Qh4 g6 16. Ne2 Kg7 17. Ng3 Rh8 18. Nxh5+ Rxh5 19. Qg3 e5 20. Nh4 Bxg5 21. Nf5+ Bxf5 22. exf5 Bxc1 23. f6+ Kg8 24. Raxc1 Qd7 25. Kg2 Qc7 26. Rce1 Qc6+ 27. Re4 d5 28. Rg4 d4+ 29. Kh2 Kh7 30. Rh4 Rh8 31. Rxh5+ gxh5 32. Qg7# 1-0

[Event "GER Cup Net V1 U2000"]
[Site "Playchess.com INT"]
[Date "2020.05.19"]
[Round "7"]
[White "Mueller, Martin1111"]
[Black "Hesse, Achim"]
[Result "0-1"]
[WhiteElo "1620"]
[BlackElo "1573"]
[PlyCount "116"]
[EventDate "2020.05.19"]
[EventType "swiss (blitz)"]
[EventRounds "9"]
[EventCountry "GER"]
[SourceTitle "EXT 2021"]
[Source "ChessBase"]
[SourceDate "2020.10.23"]
[SourceVersion "1"]
[SourceVersionDate "2020.10.23"]
[SourceQuality "1"]

1. d4 f5 2. c4 e6 3. Nc3 Nf6 4. Bf4 Be7 5. e3 d6 6. Nf3 0-0 7. b4 h6 8. h3 Qe8 9. c5 Nc6 10. b5 Nd8 11. a4 dxc5 12. Bxc7 cxd4 13. Nxd4 Bb4 14. Qb3 Bxc3+ 15. Qxc3 Ne4 16. Qb3 Qe7 17. Rc1 Nf7 18. Be2 Bd7 19. Bf3 Nfd6 20. Bxd6 Nxd6 21. 0-0 Kh7 22. Rc7 Rac8 23. Rfc1 Rxc7 24. Rxc7 Rc8 25. Qc2 e5 26. Ne2 e4 27. Rxc8 Bxc8 28. Bh5 g6 29. Bxg6+ Kxg6 30. Nf4+ Kh7 31. Qc5 b6 32. Qc6 Bd7 33. Qd5 Nf7 34. g4 fxg4 35. Nh5 gxh3 36. Qxd7 Qxd7 37. Nf6+ Kg6 38. Nxd7 Nd6 39. Kh2 Nb7 40. Ne5+ Kf5 41. Nc6 Nc5 42. Nxa7 Nxa4 43. Nc6 Nc3 44. Nd4+ Kg4 45. Ne6 Nxb5 46. Nf4 Kf3 47. Kxh3 Kxf2 48. Nd5 Nd6 49. Nxb6 Kxe3 50. Nd5+ Kf3 51. Kh4 e3 52. Kh5 Nf5 53. Kg6 e2 54. Nc3 e1Q 55. Kxf5 Qxc3 56. Kg6 h5 57. Kxh5 Qg7 58. Kh4 Qg4# 0-1

[Event "GER-ch Net Amateur Gr-B Vor2"]
[Site "Playchess.com INT"]
[Date "2020.04.15"]
[Round "3"]
[White "Rempe, Jonas"]
[Black "Hesse, Achim"]
[Result "1-0"]
[WhiteElo "1639"]
[BlackElo "1551"]
[PlyCount "65"]
[EventDate "2020.04.15"]
[EventType "swiss (blitz)"]
[EventRounds "9"]
[EventCountry "GER"]
[SourceTitle "CBM 196 Extra"]
[Source "ChessBase"]
[SourceDate "2020.07.31"]
[SourceVersion "1"]
[SourceVersionDate "2020.07.31"]
[SourceQuality "1"]

1. e4 c5 2. Nf3 d6 3. d4 cxd4 4. Nxd4 Nf6 5. Nc3 g6 6. Be3 a6 7. f3 Bd7 8. Qd2 Nc6 9. Bc4 Bg7 10. 0-0-0 Rc8 11. Bb3 Qc7 12. h4 b5 13. g4 b4 14. Nce2 a5 15. h5 Ne5 16. h6 Bf8 17. g5 Nh5 18. f4 Nc4 19. Bxc4 Qxc4 20. Kb1 a4 21. b3 axb3 22. cxb3 Qa6 23. Rc1 Ra8 24. f5 Bb5 25. Nxb5 Qxb5 26. Nd4 Qd7 27. Qxb4 Ng3 28. Rhg1 Nxe4 29. Nb5 Nc5 30. Bxc5 dxc5 31. Qxc5 Qd3+ 32. Rc2 Qd7 33. Nc7+ 1-0

[Event "Ruhrgebiet Verbandsliga Gruppe 2 1718"]
[Site "Germany"]
[Date "2018.02.25"]
[Round "7.7"]
[White "Jochmann, Christian"]
[Black "Hesse, Achim"]
[Result "1-0"]
[WhiteElo "1805"]
[BlackElo "1655"]
[PlyCount "53"]
[EventDate "2017.09.17"]
[EventType "team-tourn"]
[EventRounds "9"]
[EventCountry "GER"]
[SourceTitle "EXT 2022"]
[Source "ChessBase"]
[SourceDate "2021.10.06"]
[SourceVersion "1"]
[SourceVersionDate "2021.10.06"]
[SourceQuality "1"]
[WhiteTeam "Brambauer"]
[BlackTeam "Muelheim SC"]
[WhiteTeamCountry "GER"]
[BlackTeamCountry "GER"]

1. e4 c5 2. Nc3 d6 3. g3 Nf6 4. Bg2 g6 5. d3 Bg7 6. f4 Bg4 7. Nf3 Nc6 8. h3 Bxf3 9. Qxf3 Nd4 10. Qf2 Rb8 11. Be3 Nd7 12. 0-0 0-0 13. Nd1 Nc6 14. Qd2 Nb6 15. c3 Qd7 16. f5 Ne5 17. b3 Rbc8 18. d4 cxd4 19. cxd4 Nc6 20. Nc3 Qd8 21. g4 Nd7 22. Rac1 a6 23. Nd5 f6 24. Nf4 g5 25. Ne6 Qe8 26. Nxf8 Nxf8 27. Rc2 1-0